000 00708nam a22002417a 4500
999 _c6943
_d6943
003 OSt
005 20210517090348.0
008 210517b ||||| |||| 00| 0 eng d
020 _a0415372690, 0415372682
040 _cDDC
082 _a305 WIL 2005
100 _aWilkinson, Richard G
_914243
245 _aThe Impact of Inequality :
_bHow to make sick societies healthier.
260 _aNew York :
_bRoutledge;
_c2005
300 _ax, 355 p. ;
_c22 cm
504 _aIncludes Index
650 _aEquality -- Health aspects.
_914244
650 _aSocial Behavior.
_914245
650 _aSocial Medicine .
_99788
650 _aEquality.
_97122
650 _aSocial Problems.
_95047
942 _2ddc
_cBOOK